00326cam a22000977a 4500008004000000082001500040245008800055260004300143300000900186700003300195180718b1985 xxu||||| |||| 00| 0 eng d aG29x54 In2 aBroadcasting and telecasting of Parliamentary proceedingscby Lok Sabha Secretariat aNew DelhibLok Sabha Secretariatc1985 a33+p aIndia. Lok Sabha Secretariat